Word Ladder: Retreat! Quiz Stats

Quiz Updated Feb 19, 2015

Challenge
Share
Tweet
Embed
Score 0/13 Timer 01:30
2 Plays Today
Clue 4-Letter Word % Correct
A brand of laptopDELL
96.9%
Dial someone's digitsCALL
96.6%
Pass out cardsDEAL
95.8%
The simplest unit of lifeCELL
94%
____ Out Boy
OR the first part of to retreat
FALL
93.3%
The head of a schoolDEAN
92.3%
Front's opposite
OR the second part of to retreat
BACK
88.6%
RippedTORN
79.8%
Actor Bruce or his daughter LauraDERN
74.8%
A seabirdTERN
72.8%
Trunk coveringBARK
64.9%
Peter of The MonkeesTORK
60.8%
Sound from the Swedish ChefBORK
58.4%

Today's Daily Dose

Missing Word
1971 Movies A-Z

Word Ladder
Complete Tour

Quick Pick
Logo Colors

On This Day
January 19th

You're not logged in!

Compare scores with friends on all Sporcle quizzes.
Sign Up with Email
OR
Log In

You Might Also Like...

Show Comments

Extras

Top Quizzes Today


Score Distribution

Your Account Isn't Verified!

In order to create a playlist on Sporcle, you need to verify the email address you used during registration. Go to your Sporcle Settings to finish the process.